000
00277nam a22001217a 4500
041
_a
ENG
100
_a
Grace.M
245
_a
Agricultural Engineering
260
_a
New Delhi
_b
A.A.Balkema
_c
1989
300
_a
3118
650
_a
Agricultural
856
_u
Agricultural ( 19 )
999
_c
2194
_d
2194